| 000 | 00430nam a2200157 a 4500 | ||
|---|---|---|---|
| 005 | 20140310183542.0 | ||
| 008 | 110820s19uu xx 00 eng d | ||
| 020 | _a9780199567065 | ||
| 050 |
_aPN 6081 _b.Ox94 2010 |
||
| 245 | _aOxford dictionary of quotations by subject / | ||
| 260 |
_aNew York : _bOxford University Press, _c2010. |
||
| 300 |
_a574 p. : _c20 cm. |
||
| 650 | _aQuotations | ||
| 942 |
_cBK _2lcc |
||
| 999 |
_c24809 _d24809 |
||